00722cam a2200241 i 4500001001000000003000900010005001700019007000300036008004100039020001800080040003000098082001200128100004500140245004200185264003600227300002700263336002700290337003300317338002800350490004300378650002200421650003700443000034611DO-SdBNP20231010103840.0ta931025s2007 sp a b 001 0 spa d a9788497644709 aDO-SdBNPbspacBNPHUerda 4bQ5s2221 aQuevedo, Francisco de,d1580-1645eautor14aLos sueños /cFrancisco de Quevedo. aMadrid :bEdimat Libros,c2007. a176 páginas;c20 cm. 2rdacontentatextobtxt 2rdamediaasin mediaciónbn 2rdacarrieravolumenbnc aClásico de la literatura.aNarrativa 4aNovela española 4aLiteratura españolaySiglo XVI